Normal view
MARC view
- شنغارا، دوميتيلا باريوس؛ ترجمة فلو، سمية
Entry Personal Name
001 - CONTROL NUMBER
- control field: 36651
003 - CONTROL NUMBER IDENTIFIER
- control field: JO-AjAnu
005 - DATE AND TIME OF LATEST TRANSACTION
- control field: 20230606080122.0
008 - FIXED-LENGTH DATA ELEMENTS
- fixed length control field: 230606|| aca||aabn | a|a d
040 ## - CATALOGING SOURCE
- Original cataloging agency: JO-AjAnu
- Transcribing agency: JO-AjAnu
100 ## - HEADING--PERSONAL NAME
- Personal name: شنغارا، دوميتيلا باريوس؛ ترجمة فلو، سمية
670 ## - SOURCE DATA FOUND
- Source citation: Work cat.: (JO-AjAnu)18814: شنغارا، دوميتيلا باريوس؛ ترجمة فلو، سمية, author, دعوني أتكلم: شهادة إمراة من المناجم البوليفية